000 00584nam a2200193 i 4500
001 61091
003 ES-MaACL
005 20230906164351.0
007 t|
008 031110s1943 sp ||||1| spa d
100 1 _aEstapé, Francisco de A.
_948012
245 1 3 _aLa angina de pecho /
_cpor Francisco de A. Estapé.
260 _aBarcelona :
_bSalvat,
_c1943 (
_fImp. Hispano-Americana)
300 _a241 p. ;
_c24 cm.
490 1 _aManuales de medicina práctica
830 0 _aManuales de medicina práctica
_9181070
852 _aES-MaACL
_jE-1389
_bR.20020
999 _c61091
_d61091